000
00286nam a22001217a 4500
008
180205b xxu||||| |||| 00| 0 eng d
041
_a
eng
080
_a
32
100
_a
21
101
_a
POL
245
_a
AMERICAN GOVERNMENT INSTITUTIONS POLICIES
_c
JAMES .Q.W
942
_2
udc
_c
BK
999
_c
41824
_d
41824